000 00461nam a2200181 i 4500
001 87981
003 ES-MaACL
005 20250714103537.0
007 t|
008 041229s1908 fr ||||1| fre d
100 1 _aLafage, Leon.
_969461
245 1 3 _aLa chèvre de pescadoire roman /
_cLeon Lafage.
260 _aParis :
_bBernard Grasset,
_c1908.
300 _a236 p. ;
_c19 cm.
852 _aES-MaACL
_jG-8214
942 _2udc
999 _c87981
_d87981